[Event "GER-ch Youth U12 2019"]
[Site "Willingen"]
[Date "2019.06.14"]
[Round "8.11"]
[White "Guo, Philipp Ziming"]
[Black "Woltmann, Peter"]
[Result "1-0"]
[WhiteElo "1674"]
[BlackElo "1471"]
[Annotator "NA"]
[PlyCount "86"]
[EventDate "2019.06.07"]
[EventType "swiss"]
[EventRounds "9"]
[EventCountry "GER"]
[SourceTitle "playchess.com"]
[Source "ChessBase"]
[SourceQuality "1"]
[TimeControl "40/4500+30:900+30"]

1. e4 {[%emt 0:00:00]} e6 {[%emt 0:00:00]} 2. d4 {[%emt 0:00:00]} d5 {[%emt 0:00:00]} 3. Nc3 {[%emt 0:00:00]} Nf6 {[%emt 0:00:00]} 4. e5 {[%emt 0:00:00]} Nfd7 {[%emt 0:00:00]} 5. f4 {[%emt 0:00:00]} c5 {[%emt 0:00:00]} 6. Nf3 {[%emt 0:00:00]} Be7 {[%emt 0:00:00]} 7. Be2 {[%emt 0:00:00]} Nc6 {[%emt 0:00:00]} 8. Be3 {[%emt 0:00:00]} Qb6 {[%emt 0:00:00]} 9. Na4 {[%emt 0:00:20]} Qa5+ {[%emt 0:00:00]} 10. Nc3 {[%emt 0:00:31]} O-O {[%emt 0:00:00]} 11. O-O {[%emt 0:02:04]} h6 {[%emt 0:00:00]} 12. Qd2 {[%emt 0:06:14]} cxd4 {[%emt 0:00:00]} 13. Nxd4 {[%emt 0:01:49]} Nxd4 {[%emt 0:00:00]} 14. Bxd4 {[%emt 0:01:25]} Bc5 {[%emt 0:00:00]} 15. Rad1 {[%emt 0:02:58]} Bxd4+ {[%emt 0:00:00]} 16. Qxd4 {[%emt 0:00:29]} Qb6 {[%emt 0:00:00]} 17. Qxb6 {[%emt 0:02:37]} Nxb6 {[%emt 0:00:00]} 18. Nb5 {[%emt 0:06:12]} Bd7 {[%emt 0:00:00]} 19. Nd6 {[%emt 0:01:20]} Bc6 {[%emt 0:01:59]} 20. Bg4 {[%emt 0:13:18]} Nc4 {[%emt 0:01:04]} 21. Nxc4 {[%emt 0:01:02]} dxc4 {[%emt 0:00:06]} 22. Rd4 {[%emt 0:01:17]} b5 {[%emt 0:00:17]} 23. Rfd1 {[%emt 0:01:32]} a5 {[%emt 0:02:02]} 24. Kf2 {[%emt 0:03:11]} a4 {[%emt 0:01:41]} 25. a3 {[%emt 0:04:30]} Rfc8 {[%emt 0:01:13]} 26. c3 {[%emt 0:01:22]} Kf8 {[%emt 0:01:28]} 27. Bf3 {[%emt 0:01:51]} g5 {[%emt 0:01:52]} 28. Bxc6 {[%emt 0:02:45]} Rxc6 {[%emt 0:00:06]} 29. fxg5 {[%emt 0:00:25]} hxg5 {[%emt 0:01:20]} 30. Rg4 {[%emt 0:01:05]} b4 {[%emt 0:00:33]} 31. cxb4 {[%emt 0:01:57]} c3 {[%emt 0:00:14]} 32. bxc3 {[%emt 0:01:03]} Rxc3 {[%emt 0:00:15]} 33. Rg3 {[%emt 0:00:45]} Rc2+ {[%emt 0:00:52]} 34. Ke3 {[%emt 0:03:45]} Ra2 {[%emt 0:00:25]} 35. Rd3 {[%emt 0:01:16]} Rc8 {[%emt 0:00:48]} 36. Rxg5 {[%emt 0:06:39]} Rcc2 {[%emt 0:00:11]} 37. g3 {[%emt 0:04:41]} Rxh2 {[%emt 0:00:17]} 38. Rd8+ {[%emt 0:01:15]} Ke7 {[%emt 0:01:41]} 39. Rgg8 {[%emt 0:00:31]} Rxa3+ {[%emt 0:00:57]} 40. Kf4 {[%emt 0:01:03]} f6 {[%emt 0:00:59]} 41. Rge8+ {[%emt 0:15:37]} Kf7 {[%emt 0:15:10]} 42. Rf8+ {[%emt 0:00:13]} Kg7 {[%emt 0:00:05]} 43. exf6+ {[%emt 0:00:15]} Kg6 {[%emt 0:00:52] normal} 1-0

[Event "GER-ch Youth U12 2019"]
[Site "Willingen"]
[Date "2019.06.14"]
[Round "8.12"]
[White "Amato, Cristiano"]
[Black "Malchereck, Zion"]
[Result "1-0"]
[WhiteElo "1800"]
[BlackElo "1438"]
[Annotator "NA"]
[PlyCount "58"]
[EventDate "2019.06.07"]
[EventType "swiss"]
[EventRounds "9"]
[EventCountry "GER"]
[SourceTitle "playchess.com"]
[Source "ChessBase"]
[SourceQuality "1"]
[TimeControl "40/4500+30:900+30"]

1. e4 {[%emt 0:00:00]} e5 {[%emt 0:00:00]} 2. Nf3 {[%emt 0:00:00]} Nc6 {[%emt 0:00:00]} 3. Bb5 {[%emt 0:00:00]} a6 {[%emt 0:00:00]} 4. Ba4 {[%emt 0:00:00]} Nf6 {[%emt 0:00:00]} 5. Qe2 {[%emt 0:00:00]} b5 {[%emt 0:00:00]} 6. Bb3 {[%emt 0:00:00]} Bc5 {[%emt 0:00:00]} 7. a4 {[%emt 0:00:00]} Rb8 {[%emt 0:00:00]} 8. axb5 {[%emt 0:00:00]} axb5 {[%emt 0:00:00]} 9. c3 {[%emt 0:00:00]} d6 {[%emt 0:00:00]} 10. O-O {[%emt 0:00:00]} O-O {[%emt 0:00:00]} 11. d3 {[%emt 0:00:00]} h6 {[%emt 0:00:00]} 12. Rd1 {[%emt 0:00:00]} Bg4 {[%emt 0:00:00]} 13. Nbd2 {[%emt 0:00:00]} b4 {[%emt 0:00:00]} 14. h3 {[%emt 0:02:52]} Bh5 {[%emt 0:00:00]} 15. Bc4 {[%emt 0:01:53]} Re8 {[%emt 0:00:00]} 16. Nf1 {[%emt 0:01:35]} d5 {[%emt 0:00:00]} 17. exd5 {[%emt 0:01:25]} Nxd5 {[%emt 0:00:00]} 18. Bd2 bxc3 {[%emt 0:04:49]} 19. bxc3 {[%emt 0:06:32]} Nb6 {[%emt 0:22:11]} 20. Bb5 {[%emt 0:01:22]} Qf6 {[%emt 0:03:12]} 21. Ng3 {[%emt 0:02:18]} Bxf3 {[%emt 0:00:45]} 22. gxf3 {[%emt 0:00:23]} Qg6 {[%emt 0:02:23]} 23. Kh2 {[%emt 0:01:41]} Nd7 {[%emt 0:04:53]} 24. Bc4 {[%emt 0:02:08]} Nf6 {[%emt 0:07:20]} 25. Rg1 {[%emt 0:01:27]} Rb2 {[%emt 0:07:32]} 26. Ne4 {[%emt 0:02:14]} Qf5 {[%emt 0:01:42]} 27. Nxc5 {[%emt 0:01:58]} Nh5 {[%emt 0:01:11]} 28. Qe4 {[%emt 0:01:40]} Qc8 {[%emt 0:02:33]} 29. Qg6 {[%emt 0:03:46]} Rxd2 {[%emt 0:01:37] normal} 1-0

[Event "GER-ch Youth U12 2019"]
[Site "Willingen"]
[Date "2019.06.14"]
[Round "8.13"]
[White "Duong, Quang Bach"]
[Black "Haenselmann, Hendrik"]
[Result "0-1"]
[WhiteElo "1647"]
[BlackElo "1819"]
[Annotator "NA"]
[PlyCount "39"]
[EventDate "2019.06.07"]
[EventType "swiss"]
[EventRounds "9"]
[EventCountry "GER"]
[SourceTitle "playchess.com"]
[Source "ChessBase"]
[SourceQuality "1"]
[TimeControl "40/4500+30:900+30"]

1. e4 {[%emt 0:00:00]} c5 {[%emt 0:00:00]} 2. d4 {[%emt 0:00:00]} cxd4 {[%emt 0:00:00]} 3. c3 {[%emt 0:00:00]} dxc3 {[%emt 0:00:00]} 4. Nxc3 {[%emt 0:00:00]} Nc6 {[%emt 0:00:00]} 5. Nf3 {[%emt 0:00:00]} d6 {[%emt 0:00:00]} 6. Bc4 {[%emt 0:00:00]} a6 {[%emt 0:00:00]} 7. O-O {[%emt 0:00:00]} Nf6 {[%emt 0:00:00]} 8. Qe2 {[%emt 0:00:00]} Bg4 {[%emt 0:00:00]} 9. Rd1 {[%emt 0:00:00]} e6 {[%emt 0:00:00]} 10. h3 {[%emt 0:00:00]} Bxf3 {[%emt 0:00:00]} 11. Qxf3 {[%emt 0:00:00]} Be7 {[%emt 0:00:00]} 12. Bf4 {[%emt 0:00:00]} Qb8 {[%emt 0:00:00]} 13. Rac1 {[%emt 0:00:00]} O-O {[%emt 0:00:00]} 14. Be2 {[%emt 0:00:00]} Ne5 {[%emt 0:00:00]} 15. Qg3 {[%emt 0:00:21]} b5 {[%emt 0:06:48]} 16. b4 {[%emt 0:05:33]} Ra7 {[%emt 0:02:38]} 17. Bg5 {[%emt 0:03:59]} Rc8 {[%emt 0:13:29]} 18. f4 {[%emt 0:01:49]} Ng6 {[%emt 0:00:49]} 19. Bd3 {[%emt 0:13:39]} Rac7 {[%emt 0:05:30]} 20. Bb1 {[%emt 0:04:54] normal} 0-1

[Event "GER-ch Youth U12 2019"]
[Site "Willingen"]
[Date "2019.06.14"]
[Round "8.14"]
[White "Krueger, Arthur"]
[Black "Rempe, Jonas"]
[Result "1/2-1/2"]
[WhiteElo "1613"]
[BlackElo "1781"]
[Annotator "NA"]
[PlyCount "55"]
[EventDate "2019.06.07"]
[EventType "swiss"]
[EventRounds "9"]
[EventCountry "GER"]
[SourceTitle "playchess.com"]
[Source "ChessBase"]
[SourceQuality "1"]
[TimeControl "40/4500+30:900+30"]

1. d4 {[%emt 0:00:00]} Nf6 {[%emt 0:00:00]} 2. c4 {[%emt 0:00:00]} g6 {[%emt 0:00:00]} 3. Nc3 {[%emt 0:00:00]} Bg7 {[%emt 0:00:00]} 4. Nf3 {[%emt 0:00:00]} O-O {[%emt 0:00:00]} 5. g3 {[%emt 0:00:00]} d6 {[%emt 0:00:00]} 6. Bg2 {[%emt 0:00:00]} Nbd7 {[%emt 0:00:00]} 7. O-O {[%emt 0:00:00]} c6 {[%emt 0:00:00]} 8. Qc2 {[%emt 0:00:00]} Qc7 {[%emt 0:00:00]} 9. e4 {[%emt 0:00:00]} e5 {[%emt 0:00:00]} 10. d5 {[%emt 0:00:00]} Nb6 {[%emt 0:00:00]} 11. dxc6 {[%emt 0:00:00]} bxc6 {[%emt 0:00:00]} 12. b3 {[%emt 0:00:00]} d5 {[%emt 0:03:26]} 13. Ba3 {[%emt 0:04:47]} Re8 {[%emt 0:01:05]} 14. exd5 {[%emt 0:05:38]} cxd5 {[%emt 0:04:35]} 15. Nb5 {[%emt 0:05:38]} Qc6 {[%emt 0:06:41]} 16. Nd6 {[%emt 0:03:09]} Re6 {[%emt 0:03:34]} 17. Rac1 {[%emt 0:18:39]} Bd7 {[%emt 0:10:18]} 18. Ng5 {[%emt 0:12:05]} Re7 {[%emt 0:04:43]} 19. cxd5 {[%emt 0:07:46]} Qxc2 {[%emt 0:02:00]} 20. Rxc2 {[%emt 0:00:12]} Nfxd5 {[%emt 0:02:05]} 21. Rd1 {[%emt 0:04:34]} Be6 {[%emt 0:09:01]} 22. Rcd2 {[%emt 0:11:06]} Bh6 {[%emt 0:03:26]} 23. Nf5 {[%emt 0:07:52]} gxf5 {[%emt 0:07:47]} 24. Bxe7 {[%emt 0:00:40]} Re8 {[%emt 0:00:26]} 25. Bxd5 {[%emt 0:04:18]} Nxd5 {[%emt 0:00:59]} 26. Rxd5 {[%emt 0:00:36]} Bxd5 {[%emt 0:00:50]} 27. Rxd5 {[%emt 0:00:04]} Rxe7 {[%emt 0:00:00]} 28. Nf3 {[%emt 0:00:13] normal} 1/2-1/2

[Event "GER-ch Youth U12 2019"]
[Site "Willingen"]
[Date "2019.06.14"]
[Round "8.15"]
[White "Hoettler, Alexander Walter"]
[Black "Bungarten, Jona"]
[Result "0-1"]
[WhiteElo "1802"]
[BlackElo "1642"]
[Annotator "NA"]
[PlyCount "44"]
[EventDate "2019.06.07"]
[EventType "swiss"]
[EventRounds "9"]
[EventCountry "GER"]
[SourceTitle "playchess.com"]
[Source "ChessBase"]
[SourceQuality "1"]
[TimeControl "40/4500+30:900+30"]

1. e4 {[%emt 0:00:00]} e5 {[%emt 0:00:00]} 2. Nf3 {[%emt 0:00:00]} Nc6 {[%emt 0:00:00]} 3. Bc4 {[%emt 0:00:00]} Nf6 {[%emt 0:00:00]} 4. Ng5 {[%emt 0:00:00]} d5 {[%emt 0:00:00]} 5. exd5 {[%emt 0:00:00]} Na5 {[%emt 0:00:00]} 6. Bb5+ {[%emt 0:00:00]} c6 {[%emt 0:00:00]} 7. dxc6 {[%emt 0:00:00]} bxc6 {[%emt 0:00:00]} 8. Qf3 {[%emt 0:00:00]} Rb8 {[%emt 0:00:00]} 9. Bd3 {[%emt 0:00:00]} Bd6 {[%emt 0:00:00]} 10. O-O {[%emt 0:00:00]} Bg4 {[%emt 0:00:00]} 11. Qe3 {[%emt 0:06:04]} Nd5 {[%emt 0:00:00]} 12. Qe1 {[%emt 0:06:52]} Qxg5 {[%emt 0:00:00]} 13. Be4 {[%emt 0:00:10]} O-O {[%emt 0:00:00]} 14. Bxd5 {[%emt 0:01:33]} cxd5 {[%emt 0:00:00]} 15. d4 {[%emt 0:00:44]} Qd8 {[%emt 0:00:00]} 16. dxe5 {[%emt 0:03:26]} Re8 {[%emt 0:00:00]} 17. f4 {[%emt 0:00:54]} Bc5+ {[%emt 0:00:00]} 18. Kh1 {[%emt 0:00:19]} Bf5 {[%emt 0:07:47]} 19. Qg3 {[%emt 0:07:56] normal} Rb6 {[%emt 0:02:44]} 20. Bd2 {[%emt 0:02:20] normal} Rg6 {[%emt 0:00:55]} 21. Qe1 {[%emt 0:00:15]} Nc4 {[%emt 0:00:26] normal} 22. b3 {[%emt 0:01:10]} Be4 {[%emt 0:00:34] normal} 0-1

[Event "GER-ch Youth U12 2019"]
[Site "Willingen"]
[Date "2019.06.15"]
[Round "9.1"]
[White "Foerster-Yialamas, Lucas"]
[Black "Costa, Leonardo"]
[Result "1/2-1/2"]
[WhiteElo "1981"]
[BlackElo "1933"]
[Annotator "NA"]
[PlyCount "78"]
[EventDate "2019.06.07"]
[EventType "swiss"]
[EventRounds "9"]
[EventCountry "GER"]
[SourceTitle "playchess.com"]
[Source "ChessBase"]
[SourceQuality "1"]
[TimeControl "40/4500+30:900+30"]

1. e4 {[%emt 0:00:00]} g6 {[%emt 0:00:00]} 2. d4 {[%emt 0:00:00]} Bg7 {[%emt 0:00:00]} 3. Nc3 {[%emt 0:00:00]} d6 {[%emt 0:00:00]} 4. Nf3 {[%emt 0:00:00]} a6 {[%emt 0:00:00]} 5. a4 {[%emt 0:00:00]} b6 {[%emt 0:00:00]} 6. Bc4 {[%emt 0:00:00]} e6 {[%emt 0:00:00]} 7. O-O {[%emt 0:00:00]} Ne7 {[%emt 0:00:00]} 8. Bf4 {[%emt 0:00:00]} O-O {[%emt 0:00:00]} 9. Qd2 {[%emt 0:00:00]} Bb7 {[%emt 0:03:35]} 10. Bh6 {[%emt 0:00:00]} d5 {[%emt 0:18:55]} 11. Bxg7 {[%emt 0:00:00]} Kxg7 {[%emt 0:00:10]} 12. exd5 {[%emt 0:00:00]} Nxd5 {[%emt 0:01:48]} 13. Nxd5 {[%emt 0:00:00]} Bxd5 {[%emt 0:00:33]} 14. Bxd5 {[%emt 0:00:00]} Qxd5 {[%emt 0:00:17]} 15. Qf4 {[%emt 0:00:00]} Nd7 {[%emt 0:13:25]} 16. Rfe1 {[%emt 0:00:00]} Rac8 {[%emt 0:03:59]} 17. Rac1 {[%emt 0:00:43]} b5 {[%emt 0:06:08]} 18. axb5 {[%emt 0:00:23]} axb5 {[%emt 0:00:26]} 19. Ra1 {[%emt 0:00:31]} c5 {[%emt 0:04:31]} 20. c3 {[%emt 0:00:51]} Nf6 {[%emt 0:06:36]} 21. dxc5 {[%emt 0:02:18]} Qxc5 {[%emt 0:00:44]} 22. Qd4 {[%emt 0:00:22]} Rfd8 {[%emt 0:02:41]} 23. Qxc5 {[%emt 0:00:08]} Rxc5 {[%emt 0:00:03]} 24. Ra7 {[%emt 0:00:52]} Rd7 {[%emt 0:00:07]} 25. Rxd7 {[%emt 0:00:12]} Nxd7 {[%emt 0:00:05]} 26. Kf1 {[%emt 0:01:17]} Kf6 {[%emt 0:02:19]} 27. Re4 {[%emt 0:01:49]} Nb6 {[%emt 0:03:54]} 28. Ne1 {[%emt 0:05:34]} Rc4 {[%emt 0:02:24]} 29. Re3 {[%emt 0:01:36]} Nd5 {[%emt 0:02:29]} 30. Rf3+ {[%emt 0:00:28]} Ke7 {[%emt 0:00:48]} 31. Nd3 {[%emt 0:01:17]} f6 {[%emt 0:00:11]} 32. Ke2 {[%emt 0:02:39]} e5 {[%emt 0:00:35]} 33. Rh3 {[%emt 0:04:53]} h5 {[%emt 0:01:21]} 34. Kd2 {[%emt 0:01:26]} Ke6 {[%emt 0:02:35]} 35. b4 {[%emt 0:11:41]} Nf4 {[%emt 0:06:40]} 36. Nxf4+ {[%emt 0:00:41]} Rxf4 {[%emt 0:01:43]} 37. Ke2 {[%emt 0:02:39]} Rg4 {[%emt 0:01:49]} 38. Kf1 {[%emt 0:10:21]} e4 {[%emt 0:01:08]} 39. Re3 {[%emt 0:04:57]} Kd5 {[%emt 0:00:41] normal} 1/2-1/2

[Event "GER-ch Youth U12 2019"]
[Site "Willingen"]
[Date "2019.06.15"]
[Round "9.2"]
[White "Bakiev, Diyor"]
[Black "Stork, Christopher"]
[Result "1/2-1/2"]
[WhiteElo "2123"]
[BlackElo "1817"]
[Annotator "ChessBase"]
[PlyCount "64"]
[EventDate "2019.06.07"]
[EventType "swiss"]
[EventRounds "9"]
[EventCountry "GER"]
[SourceTitle "playchess.com"]
[Source "ChessBase"]
[SourceQuality "1"]
[TimeControl "40/4500+30:900+30"]

1. e4 {[%emt 0:00:00]} e5 {[%emt 0:00:00]} 2. Nf3 {[%emt 0:00:00]} Nc6 {[%emt 0:00:00]} 3. Bb5 {[%emt 0:00:00]} a6 {[%emt 0:00:00]} 4. Ba4 {[%emt 0:00:00]} Nf6 {[%emt 0:00:00]} 5. Qe2 {[%emt 0:00:00]} d6 {[%emt 0:00:00]} 6. O-O {[%emt 0:00:00]} Be7 {[%emt 0:00:00]} 7. c3 {[%emt 0:00:00]} Bd7 {[%emt 0:00:00]} 8. d3 {[%emt 0:00:00]} O-O {[%emt 0:00:00]} 9. Rd1 {[%emt 0:00:00]} h6 {[%emt 0:00:00]} 10. Nbd2 {[%emt 0:00:00]} b5 {[%emt 0:00:00]} 11. Bc2 {[%emt 0:00:00]} Bg4 {[%emt 0:00:32]} 12. h3 {[%emt 0:00:00]} Bh5 {[%emt 0:00:11]} 13. Nf1 {[%emt 0:00:00]} Re8 {[%emt 0:01:37]} 14. g4 {[%emt 0:00:00]} Bg6 {[%emt 0:00:14]} 15. Ng3 {[%emt 0:00:00]} d5 {[%emt 0:05:31]} 16. Kh2 {[%emt 0:00:00]} Bc5 {[%emt 0:02:31]} 17. Rg1 {[%emt 0:00:00]} d4 {[%emt 0:03:38]} 18. a3 {[%emt 0:00:00]} a5 {[%emt 0:01:39]} 19. Nf5 {[%emt 0:00:00]} dxc3 {[%emt 0:10:21]} 20. bxc3 {[%emt 0:00:00]} Qd7 {[%emt 0:07:07]} 21. N3h4 {[%emt 0:04:30]} Bf8 {[%emt 0:01:40]} 22. Qf3 {[%emt 0:00:34]} Nh7 {[%emt 0:04:40]} 23. Rb1 {[%emt 0:04:03]} Nd8 {[%emt 0:04:18]} 24. Nxg6 {[%emt 0:03:47]} fxg6 {[%emt 0:00:11]} 25. Nh4 {[%emt 0:00:28]} g5 {[%emt 0:00:31]} 26. Nf5 {[%emt 0:02:04]} Ne6 {[%emt 0:01:37]} 27. Bb3 {[%emt 0:00:55]} Kh8 {[%emt 0:01:04]} 28. Bxe6 {[%emt 0:09:55]} Rxe6 {[%emt 0:00:47]} 29. Bb2 {[%emt 0:03:42]} Nf6 {[%emt 0:00:33]} 30. Rge1 {[%emt 0:01:42]} Rae8 {[%emt 0:00:16]} 31. Re2 {[%emt 0:03:02]} c5 {[%emt 0:01:26]} 32. Rbe1 {[%emt 0:05:05] normal} Qc6 {[%emt 0:01:55] normal} 1/2-1/2

[Event "GER-ch Youth U12 2019"]
[Site "Willingen"]
[Date "2019.06.15"]
[Round "9.3"]
[White "Kluehs, Gustaf"]
[Black "Fuchs, Florian"]
[Result "1/2-1/2"]
[WhiteElo "1705"]
[BlackElo "2235"]
[Annotator "ChessBase"]
[PlyCount "49"]
[EventDate "2019.06.07"]
[EventType "swiss"]
[EventRounds "9"]
[EventCountry "GER"]
[SourceTitle "playchess.com"]
[Source "ChessBase"]
[SourceQuality "1"]
[TimeControl "40/4500+30:900+30"]

1. Nf3 {[%emt 0:00:00]} c5 {[%emt 0:00:00]} 2. g3 {[%emt 0:00:00]} Nc6 {[%emt 0:00:00]} 3. Bg2 {[%emt 0:00:00]} e5 {[%emt 0:00:00]} 4. d3 {[%emt 0:00:00]} Nge7 {[%emt 0:00:00]} 5. c4 {[%emt 0:00:00]} d6 {[%emt 0:00:00]} 6. O-O {[%emt 0:00:00]} g6 {[%emt 0:00:00]} 7. Nc3 {[%emt 0:00:00]} Bg7 {[%emt 0:00:00]} 8. Bd2 {[%emt 0:00:00]} O-O {[%emt 0:00:00]} 9. Rb1 {[%emt 0:00:00]} h6 {[%emt 0:00:00]} 10. a3 {[%emt 0:00:00]} a5 {[%emt 0:00:00]} 11. b3 {[%emt 0:00:00]} Be6 {[%emt 0:00:00]} 12. Nb5 {[%emt 0:00:00]} f5 {[%emt 0:00:00]} 13. Qc1 {[%emt 0:00:00]} Kh7 {[%emt 0:00:00]} 14. b4 {[%emt 0:02:53]} axb4 {[%emt 0:00:00]} 15. axb4 {[%emt 0:00:04]} Qd7 {[%emt 0:00:00]} 16. Ne1 {[%emt 0:03:35]} Rab8 {[%emt 0:04:49]} 17. Nc2 {[%emt 0:01:22]} g5 {[%emt 0:01:28]} 18. f4 {[%emt 0:04:44]} exf4 {[%emt 0:02:03]} 19. gxf4 {[%emt 0:01:08]} g4 {[%emt 0:00:14]} 20. bxc5 {[%emt 0:02:14]} dxc5 {[%emt 0:00:25]} 21. Be3 {[%emt 0:01:47]} b6 {[%emt 0:00:36]} 22. Kh1 {[%emt 0:04:46]} Ng6 {[%emt 0:04:01]} 23. Bf2 {[%emt 0:01:11]} h5 {[%emt 0:00:30]} 24. Rb3 {[%emt 0:07:32]} h4 {[%emt 0:03:50]} 25. Kg1 {[%emt 0:00:04] normal} 1/2-1/2

[Event "GER-ch Youth U12 2019"]
[Site "Willingen"]
[Date "2019.06.15"]
[Round "9.4"]
[White "Reichmann, Felix"]
[Black "von Mettenheim, Johannes"]
[Result "0-1"]
[WhiteElo "1725"]
[BlackElo "1757"]
[Annotator "NA"]
[PlyCount "92"]
[EventDate "2019.06.07"]
[EventType "swiss"]
[EventRounds "9"]
[EventCountry "GER"]
[SourceTitle "playchess.com"]
[Source "ChessBase"]
[SourceQuality "1"]
[TimeControl "40/4500+30:900+30"]

1. c4 {[%emt 0:00:00]} b6 {[%emt 0:00:00]} 2. Nf3 {[%emt 0:00:00]} Bb7 {[%emt 0:00:00]} 3. g3 {[%emt 0:00:00]} Bxf3 {[%emt 0:00:00]} 4. exf3 {[%emt 0:00:00]} c5 {[%emt 0:00:00]} 5. Bg2 {[%emt 0:00:00]} Nc6 {[%emt 0:00:00]} 6. O-O {[%emt 0:00:00]} g6 {[%emt 0:00:00]} 7. Nc3 {[%emt 0:00:00]} Bg7 {[%emt 0:00:00]} 8. f4 {[%emt 0:00:00]} e6 {[%emt 0:00:00]} 9. b3 {[%emt 0:00:00]} Nge7 {[%emt 0:00:00]} 10. Bb2 {[%emt 0:00:00]} O-O {[%emt 0:00:00]} 11. Rb1 {[%emt 0:00:00]} d5 {[%emt 0:00:00]} 12. d3 {[%emt 0:00:00]} Qd7 {[%emt 0:00:00]} 13. Re1 {[%emt 0:01:36]} Rad8 {[%emt 0:00:00]} 14. a3 {[%emt 0:00:24]} dxc4 {[%emt 0:00:00]} 15. dxc4 {[%emt 0:00:12]} Qxd1 {[%emt 0:00:03]} 16. Nxd1 {[%emt 0:02:27]} Nd4 {[%emt 0:01:52]} 17. Ne3 {[%emt 0:18:31]} Nef5 {[%emt 0:03:03]} 18. Be4 {[%emt 0:05:03]} Rd6 {[%emt 0:03:51]} 19. Nxf5 {[%emt 0:04:32]} gxf5 {[%emt 0:00:11]} 20. Bxd4 {[%emt 0:00:11]} Rxd4 {[%emt 0:00:35]} 21. Bf3 {[%emt 0:00:34]} Rd2 {[%emt 0:01:42]} 22. Red1 {[%emt 0:00:50]} Ra2 {[%emt 0:00:17]} 23. a4 {[%emt 0:00:06]} Bd4 {[%emt 0:00:10]} 24. Rf1 {[%emt 0:00:29]} Rd8 {[%emt 0:03:04]} 25. Rbe1 {[%emt 0:04:05]} Bc3 {[%emt 0:02:22]} 26. Rd1 {[%emt 0:01:56]} Rxd1 {[%emt 0:00:36]} 27. Rxd1 {[%emt 0:01:20]} Bd4 {[%emt 0:00:12]} 28. Rf1 {[%emt 0:00:05]} Rb2 {[%emt 0:00:27]} 29. Bd1 {[%emt 0:00:07]} Kf8 {[%emt 0:01:43]} 30. Kg2 {[%emt 0:00:35]} Ke7 {[%emt 0:00:05]} 31. Kf3 {[%emt 0:00:58]} Kd6 {[%emt 0:00:16]} 32. Kg2 {[%emt 0:00:08]} f6 {[%emt 0:00:35]} 33. Kf3 {[%emt 0:00:48]} Kc7 {[%emt 0:00:02]} 34. Kg2 {[%emt 0:00:41]} Kb7 {[%emt 0:00:07]} 35. Kh3 Bxf2 {[%emt 0:00:22]} 36. Kh4 {[%emt 0:00:31]} Bd4 {[%emt 0:00:23]} 37. h3 {[%emt 0:00:28]} Bf2 {[%emt 0:02:09]} 38. Rh1 {[%emt 0:04:18]} Kc7 {[%emt 0:03:52]} 39. Rh2 {[%emt 0:00:30]} e5 {[%emt 0:07:48]} 40. Kh5 {[%emt 0:03:41]} e4 {[%emt 0:00:08]} 41. Kh6 {[%emt 0:15:05]} e3 {[%emt 0:15:01]} 42. Kxh7 {[%emt 0:00:06]} Rb1 {[%emt 0:02:14]} 43. Bf3 {[%emt 0:01:02]} Bxg3 {[%emt 0:00:32]} 44. Rg2 {[%emt 0:00:08]} Bxf4 {[%emt 0:00:09]} 45. Rg7+ {[%emt 0:00:06]} Kd6 {[%emt 0:00:09]} 46. Rxa7 {[%emt 0:00:40]} Rf1 {[%emt 0:00:55] normal} 0-1

[Event "GER-ch Youth U12 2019"]
[Site "Willingen"]
[Date "2019.06.15"]
[Round "9.5"]
[White "Breitkopf-Lazar, Patrick-Robert"]
[Black "Hagner, Bennet"]
[Result "0-1"]
[WhiteElo "1659"]
[BlackElo "1900"]
[Annotator "NA"]
[PlyCount "52"]
[EventDate "2019.06.07"]
[EventType "swiss"]
[EventRounds "9"]
[EventCountry "GER"]
[SourceTitle "playchess.com"]
[Source "ChessBase"]
[SourceQuality "1"]
[TimeControl "40/4500+30:900+30"]

1. e4 {[%emt 0:00:00]} e5 {[%emt 0:00:00]} 2. Nf3 {[%emt 0:00:00]} Nc6 {[%emt 0:00:00]} 3. Bc4 {[%emt 0:00:00]} Bc5 {[%emt 0:00:00]} 4. O-O {[%emt 0:00:00]} Nf6 {[%emt 0:00:00]} 5. d3 {[%emt 0:00:00]} d6 {[%emt 0:00:00]} 6. c3 {[%emt 0:00:00]} a5 {[%emt 0:00:00]} 7. d4 {[%emt 0:13:18]} exd4 {[%emt 0:00:00]} 8. cxd4 {[%emt 0:00:11]} Bb6 {[%emt 0:00:00]} 9. h3 {[%emt 0:05:47]} O-O {[%emt 0:00:00]} 10. Nc3 {[%emt 0:04:22]} Nxe4 {[%emt 0:09:52]} 11. Nxe4 {[%emt 0:02:03]} d5 {[%emt 0:00:06]} 12. Bb3 {[%emt 0:13:20]} dxe4 {[%emt 0:02:49]} 13. Ng5 {[%emt 0:02:15]} Bf5 14. Be3 {[%emt 0:10:53]} Bxd4 {[%emt 0:11:42]} 15. Qc2 {[%emt 0:04:17]} a4 {[%emt 0:04:03]} 16. Bxf7+ {[%emt 0:01:42]} Kh8 {[%emt 0:11:57]} 17. Ne6 {[%emt 0:05:30]} Bxe6 {[%emt 0:05:55]} 18. Bxe6 {[%emt 0:00:20]} Qh4 {[%emt 0:07:15]} 19. Bd5 {[%emt 0:04:25]} a3 {[%emt 0:04:28]} 20. Bxc6 {[%emt 0:00:57]} axb2 {[%emt 0:01:33]} 21. Rab1 {[%emt 0:02:12]} Bxe3 {[%emt 0:01:38]} 22. Bxb7 {[%emt 0:00:26]} Rxf2 {[%emt 0:02:00]} 23. Rxf2 {[%emt 0:00:37]} Rf8 {[%emt 0:00:33]} 24. Qe2 {[%emt 0:07:18]} Qxf2+ {[%emt 0:02:04]} 25. Qxf2 {[%emt 0:00:09]} Rxf2 {[%emt 0:00:11]} 26. Kh1 {[%emt 0:00:56]} Bc1 {[%emt 0:02:41] normal} 0-1

[Event "GER-ch Youth U12 2019"]
[Site "Willingen"]
[Date "2019.06.15"]
[Round "9.6"]
[White "Guo, Philipp Ziming"]
[Black "Metzdorf, Matteo"]
[Result "1/2-1/2"]
[WhiteElo "1674"]
[BlackElo "1859"]
[Annotator "NA"]
[PlyCount "39"]
[EventDate "2019.06.07"]
[EventType "swiss"]
[EventRounds "9"]
[EventCountry "GER"]
[SourceTitle "playchess.com"]
[Source "ChessBase"]
[SourceQuality "1"]
[TimeControl "40/4500+30:900+30"]

1. e4 {[%emt 0:00:00]} e6 {[%emt 0:00:00]} 2. d4 {[%emt 0:00:00]} d5 {[%emt 0:00:00]} 3. Nc3 {[%emt 0:00:00]} Nf6 {[%emt 0:00:00]} 4. e5 {[%emt 0:00:00]} Nfd7 {[%emt 0:00:00]} 5. f4 {[%emt 0:00:00]} c5 {[%emt 0:00:00]} 6. Nf3 {[%emt 0:00:00]} Nc6 {[%emt 0:00:00]} 7. Be3 {[%emt 0:00:00]} a6 {[%emt 0:00:00]} 8. Qd2 {[%emt 0:00:00]} b5 {[%emt 0:00:00]} 9. dxc5 {[%emt 0:00:00]} Bxc5 {[%emt 0:00:00]} 10. Ne2 {[%emt 0:00:00]} Qb6 {[%emt 0:00:00]} 11. Bxc5 {[%emt 0:00:00]} Nxc5 {[%emt 0:02:12]} 12. Ned4 {[%emt 0:00:00]} O-O {[%emt 0:11:19]} 13. Nxc6 {[%emt 0:04:51]} Qxc6 {[%emt 0:03:19]} 14. Nd4 {[%emt 0:02:45]} Qb6 {[%emt 0:05:06]} 15. Bd3 {[%emt 0:10:26]} Nxd3+ {[%emt 0:13:03]} 16. Qxd3 {[%emt 0:00:21]} Re8 {[%emt 0:02:00]} 17. O-O {[%emt 0:03:39]} Bd7 {[%emt 0:07:16]} 18. Kh1 {[%emt 0:08:04]} Rac8 {[%emt 0:07:10]} 19. a3 {[%emt 0:08:02]} Rc4 {[%emt 0:03:52]} 20. c3 {[%emt 0:02:35] normal} 1/2-1/2